000 00932nam a2200289 a 4500
001 4774246
003 ARRUPE
005 20160811115429.0
008 860226s1985 dcu b 000 0 eng
010 _a 86123432
040 _aDLC
_cDLC
_dDLC
043 _af------
050 0 0 _aHC800
_b.R38 1985
082 0 0 _a330.96
_219
100 1 _aRau, Bill.
_924807
245 1 0 _aFeast to famine :
_bthe course of Africa's underdevelopment /
_cby Bill Rau.
250 _a2nd ed.
260 _aWashington, DC (Box 29378, Washington 20017) :
_bAfrica Faith and Justice Network,
_cc1985.
300 _a62 p. ;
_c22 cm.
504 _aBibliography: p. 56.
651 0 _aAfrica
_xEconomic conditions.
_924808
651 0 _aAfrica
_xSocial conditions.
_924809
651 0 _aAfrica
_xHistory.
_924810
710 2 _aAfrica Faith and Justice Network.
_924811
906 _a7
_bcbc
_corignew
_d3
_encip
_f19
_gy-gencatlg
942 _2lcc
_cMONOGRAPH
999 _c124918
_d124918